000 00391nam a22001337a 4500
003 SGT
020 _a9789389373455
082 _a080
_bV20K
100 _aकुमार, प्रवीण
245 _aवास्को दी गामा की साईकिल
260 _bराजपाल एंड संस विश्वास
_c2020
300 _a174
942 _2ddc
_cBK
999 _c31650
_d31650